000 00656nam a2200229Ia 4500
005 20221125135433.0
008 131103s9999 xx 000 0 und d
020 _a8173042489
_cRS 600.00
040 _aLoreto College
041 _aEnglish
082 _a954.03
_bPRA
100 _aPrasad,Bimal
245 4 _aThe foundations of Muslim nationalism(VolumeI)
_cBimal Prasad
260 _aNew Delhi
_bManohar Publishers & Distributors
_c2001
300 _a319p
504 _aIncludes bibliography and index
630 _aIndia, History Partition
650 _aMuslim Nationalism, India
651 _aIndia, History
850 _aLCLIB
942 _cBK
999 _c36717
_d87196